000 00335nam a2200133Ia 4500
008 240624s9999 xx 000 0 und d
041 _aeng
082 _a005.54 ETH
100 _aETHERIDGE DENISE
245 _aEXCEL DATA ANALYSIS YOUR VISUAL BLUEPRINTT
250 _a(3rd ed.)
260 _c2013
_aNew Delhi
_bWiley
365 _cRS
_b33
999 _c26539
_d26539